| 000 | 00933nam a2200265 4500 | ||
|---|---|---|---|
| 001 | 1248 | ||
| 003 | DO-SdBNP | ||
| 005 | 20240905123102.0 | ||
| 007 | 1248 | ||
| 008 | 161202b2005 sp | 00| 0 spa d | ||
| 020 | _a8449425034 (o.c) | ||
| 040 |
_aBPMSU _bspa _cBPMSU |
||
| 082 | 4 |
_a808.83 _bC965m 2006 _222 |
|
| 245 | 0 | 0 | _aCuentos mágicos con actualidades didácticas |
| 260 |
_aBarcelona : _bOcéano, _c2005 |
||
| 300 |
_av. : _bils. ; _c2005 |
||
| 490 | 0 | _aCrecer y aprender con Disney | |
| 505 |
_gv 1.
_tLa cenicienta -- La bella y la bestia -- La sirenita -- _gv. 2 . _tBlanca nives y los siete enanos -- El rey león -- Aladín - _gv. 3 _tToy story ¡y más allá! -- Bichos, una aventura en miniatura -- Monsters, |
||
| 590 | _aInventariado, 2024/VM | ||
| 650 | 4 |
_aCuentos infantiles _vColecciones |
|
| 710 | _aDisney | ||
| 710 | _aGrupo Oceano | ||
| 910 | _aVMateo V. Control de calidad. BPMSU | ||
| 942 |
_2ddc _cBK |
||
| 999 |
_c12218 _d12218 |
||